Normal view
MARC view
- Architecture
Entry Topical Term
001 - CONTROL NUMBER
- control field: 6982
003 - CONTROL NUMBER IDENTIFIER
- control field: NUST
005 - DATE AND TIME OF LATEST TRANSACTION
- control field: 20171206111557.0
008 - FIXED-LENGTH DATA ELEMENTS
- fixed length control field: 171206|| aca||aabn | a|a d
040 ## - CATALOGING SOURCE
- Original cataloging agency: NUST
- Transcribing agency: NUST
150 ## - HEADING--TOPICAL TERM
- Topical term or geographic name entry element: Architecture
- General subdivision: Study and teaching
- Geographic subdivision: Bangladesh
- Form subdivision: Congresses.
670 ## - SOURCE DATA FOUND
- Source citation: Work cat.: (NUST)0: International Seminar on Architecture: Education, Practice and Research (2012 : Department of Architecture, Bangladesh University of Engineering and Technology) 6980, International Seminar on Architecture :
